000 00375nam a2200157 i 4500
001 bg
100 1 _aCOWPER, C. J.
245 0 _aChromatograficzna analiza gazów /
_cC.J. Cowper, A.J. DeRose.
260 _aWarszawa,
_c1988.
700 1 _aDeROSE, A. J.
040 _cBPK
041 _apol
080 _a543.5
942 _cKS
008 s pl f |000 0 pol
999 _c28523
_d28523
856 _uhttp://koha.tu.koszalin.pl/cgi-bin/koha/opac-detail.pl?biblionumber=28523
_yKatalog online BPK